Psychological testing and assessment : (Record no. 774)
[ view plain ]
| 000 -LEADER | |
|---|---|
| fixed length control field | 00807nam a22002177a 4500 |
| 008 - FIXED-LENGTH DATA ELEMENTS--GENERAL INFORMATION | |
| fixed length control field | 160123b xxu||||| |||| 00| 0 eng d |
| 020 ## - INTERNATIONAL STANDARD BOOK NUMBER | |
| International Standard Book Number | 978-1259-07157-7 |
| 082 ## - DEWEY DECIMAL CLASSIFICATION NUMBER | |
| Edition number | 2013 |
| Classification number | DC 150.287 |
| Item number | C66 |
| 100 ## - MAIN ENTRY--PERSONAL NAME | |
| 9 (RLIN) | 2076 |
| Personal name | Cohen, Ronald Jay. |
| 245 ## - TITLE STATEMENT | |
| Title | Psychological testing and assessment : |
| Remainder of title | an introduction to tests and measurement/ |
| Statement of responsibility, etc. | Ronald Jay Cohen [ and two others]. |
| 250 ## - EDITION STATEMENT | |
| Edition statement | Eight edition |
| 260 ## - PUBLICATION, DISTRIBUTION, ETC. (IMPRINT) | |
| Place of publication, distribution, etc. | Boston : |
| Name of publisher, distributor, etc. | McGraw-Hill Higher Education, |
| Date of publication, distribution, etc. | c2013. |
| 300 ## - PHYSICAL DESCRIPTION | |
| Extent | xxv, 612 pages: |
| Other physical details | illustrations; |
| Dimensions | 25 cm. |
| 500 ## - GENERAL NOTE | |
| General note | Includes bibliographical references and index. |
| 650 #0 - SUBJECT ADDED ENTRY--TOPICAL TERM | |
| 9 (RLIN) | 2077 |
| Topical term or geographic name as entry element | Psychological tests |
| Form subdivision | Textbooks. |
| 650 #0 - SUBJECT ADDED ENTRY--TOPICAL TERM | |
| 9 (RLIN) | 2078 |
| Topical term or geographic name as entry element | Psychometrics |
| Form subdivision | Textbooks. |
| 700 ## - ADDED ENTRY--PERSONAL NAME | |
| 9 (RLIN) | 4556 |
| Personal name | Swerdlik, Mark E. |
| 700 ## - ADDED ENTRY--PERSONAL NAME | |
| 9 (RLIN) | 4557 |
| Personal name | Sturman, Edward |
| 365 ## - TRADE PRICE | |
| Price amount | 1,198.00 |
| Currency code | Php |
| 942 ## - ADDED ENTRY ELEMENTS (KOHA) | |
| Source of classification or shelving scheme | Dewey Decimal Classification |
| Koha item type | Circulation |
| Withdrawn status | Lost status | Source of classification or shelving scheme | Damaged status | Not for loan | Collection code | Home library | Current library | Shelving location | Date acquired | Source of acquisition | Total Checkouts | Total Renewals | Full call number | Barcode | Date last seen | Date last checked out | Copy number | Cost, replacement price | Price effective from | Koha item type |
|---|---|---|---|---|---|---|---|---|---|---|---|---|---|---|---|---|---|---|---|---|
| Dewey Decimal Classification | Circulation | UM Digos College - LIC | UM Digos College - LIC | Book Cart | 03/01/2014 | Purchased | 31 | 2 | DC 150.287 C66 2013 | 22254 | 05/15/2025 | 08/26/2022 | 1 | 1198.00 | 01/23/2016 | Circulation | ||||
| Dewey Decimal Classification | Circulation | UM Digos College - LIC | UM Digos College - LIC | Book Cart | 03/01/2014 | Purchased | 25 | DC 150.287 C66 2013 | 22255 | 05/15/2025 | 12/01/2018 | 2 | 1198.00 | 04/01/2016 | Circulation | |||||
| Dewey Decimal Classification | Circulation | UM Digos College - LIC | UM Digos College - LIC | Book Cart | 03/01/2014 | Purchased | 32 | 3 | DC 150.287 C66 2013 | 22256 | 06/08/2021 | 08/14/2019 | 3 | 1198.00 | 04/01/2016 | Circulation | ||||
| Dewey Decimal Classification | Circulation | UM Digos College - LIC | UM Digos College - LIC | Book Cart | 09/25/2014 | Purchased | 33 | 3 | DC 150.287 C66 2013 | 22834 | 05/15/2025 | 08/24/2024 | 5 | 1350.00 | 04/01/2016 | Circulation | ||||
| Dewey Decimal Classification | Circulation | UM Digos College - LIC | UM Digos College - LIC | Book Cart | 09/25/2014 | Purchased | 30 | DC 150.287 C66 2013 | 22833 | 05/15/2025 | 12/05/2019 | 4 | 1350.00 | 04/01/2016 | Circulation |
